000 01374aam a2200313 i 4500
001 768714001
003 CO-MdFUSB
005 20210311144327.0
007 ta
008 200523t1920 enka|||| |||| 00| 0 eng d
020 _a[No incluye ISBN]
040 _bspa.
_aCO-MdFUSB
_cCO-MdFUSB
_dCO-MdFUSBC
_erda
041 _aeng
082 _223
_a226.607
_bB417
245 1 4 _aThe beginnings of Christianity
_c/ editado por F. J. Foakes Jackson , Kirsopp Lake
264 1 _aLondres :
_bMacmillan Publishing,
_c[1920]
264 4 _c© 1920
300 _a5 volúmenes
_c; 2 cm
336 _atexto
_btxt
_2rdacontent
337 _2rdamedia
_asin mediación
_bn
338 _2rdacarrier
_avolumen
_bnc
505 _aVolumen 1: The acts of the apostles - El mundo judío - El mundo gentile - El cristianismo primitivo \ Volumen 2: The composition and purpose of Acts - La identidad del editor de Lucas y Hechos - La historia de la crítica \ Volumen 3:The text of Acts- Las fuentes de conocimiento del texto - La crítica y la historia del texto - Texto y notas \ Volumen 4: Acts of the Apostles: Traducción inglesa y comentario \ Volumen 5:Essays on various aspects of Acts
563 _aPasta dura
630 7 _aBiblia.
_pHechos
_xCrítica, interpretación, etc.
700 _93912
_aLake, Kirsopp,
_eeditor
942 _cBK
945 _aJTF-925
999 _c46318
_d46318